El talismán de la niñez : novísimo método de lectura
Gespeichert in:
| 1. Verfasser: | |
|---|---|
| Format: | Buch |
| Sprache: | Spanisch |
| Erschienen: |
Madrid :
Librería de los Sucesores de Hernando,
1913
|
| Katalog: | MANES: Suchergebnis im Bibliothekskatalog |
| Schulbuchspezifische Eigenschaften: |
|
| Tags: |
Tag hinzufügen
Keine Tags, Fügen Sie den ersten Tag hinzu!
|
| Hinzugefügt zu: | 29.11.1999 |
| Geändert in: | 07.05.2025 |
MARC
| LEADER | 00000cam a2200000#i 4500 | ||
|---|---|---|---|
| 005 | 20250507134518.0 | ||
| 008 | 000000s1913 espa f 000 0 spa d | ||
| 040 | |a uned |b spa |c entro-manes | ||
| 100 | 1 | |a Doce, José María |9 39673 | |
| 245 | 1 | 3 | |a El talismán de la niñez : |b novísimo método de lectura / |c por José María Doce |
| 260 | |a Madrid : |b Librería de los Sucesores de Hernando, |c 1913 | ||
| 300 | |a 64 p. : |b il. | ||
| 505 | 1 | |a Libro segundo | |
| 546 | |a España | ||
| 561 | |5 es-BUNED |3 L.T. 2363 |a España. Fondo Manes UNED |k MANES | ||
| 690 | 0 | |a LEN | |
| 942 | |2 ddc |c BK | ||
| 999 | |c 96151 |d 96151 | ||
| 999 | |c manes:96151 |d 96151 | ||